00233nam a2200085Ia 450000100070000000500170000700800410002424500480006526000340011379855220250826170829.0250824s9999 xx 000 0 und d 0aDİNO AVCISI 2. MÜZEDE KARGAŞAcFRANCO bUĞUR BÖCEĞİ YAYINLARI